Prevalance of incidental findings on brain magnegtic resonance imaging among the elderly surgical patients in non-cardiac surgery /
Saved in:
| Main Author: | |
|---|---|
| Format: | Thesis Book |
| Language: | English |
| Published: |
2017.
|
| Subjects: | |
| Tags: |
Add Tag
No Tags, Be the first to tag this record!
|
| LEADER | 01166cam a2200313 i 4500 | ||
|---|---|---|---|
| 001 | u1111593 | ||
| 003 | SIRSI | ||
| 005 | 201904191659 | ||
| 008 | 190419s2017 my ad m 000 0 eng | ||
| 040 | |a UMP |e rda | ||
| 096 | |a WO200 |b UM 2017 Ann | ||
| 100 | 1 | |a Ann, Chyi Earl, |e author. | |
| 245 | 1 | 0 | |a Prevalance of incidental findings on brain magnegtic resonance imaging among the elderly surgical patients in non-cardiac surgery / |c Ann Chyi Earl. |
| 264 | 1 | |c 2017. | |
| 264 | 4 | |c 2017. | |
| 300 | |a iv, 28 leaves : |b colour illustration ; |c 30cm. | ||
| 336 | |a text |2 rdacontent | ||
| 337 | |a unmediated |2 rdamedia | ||
| 338 | |a volume |2 rdacarrier | ||
| 502 | |b M.Med.Sc. |c Department of Anesthesiology, Faculty of Medicine, University of Malaya |d 2017. | ||
| 504 | |a Bibliography: leaves 27-28. | ||
| 650 | 1 | 2 | |a Brain |x surgery. |
| 650 | 2 | 2 | |a Brain |x diagnostic imaging. |
| 650 | 2 | 2 | |a Magnetic Resonance Imaging. |
| 650 | 2 | 2 | |a Incidental Findings. |
| 710 | 2 | 0 | |a Universiti Malaya. |b Jabatan Anestesiologi, |e degree granting institution. |
| 900 | |a RAH | ||
| 596 | |a 2 | ||
| 999 | |a WO200 UM 2017 ANN |w NLM |c 1 |i A517047915 |f 29/4/2019 |g 1 |l TESIS |m P02MEDKL |r Y |s Y |t TESIS |u 29/4/2019 | ||
